000 01309nmm a2200349 a 4500
003 AR-BaBNM
005 20251128203901.0
008 077019s1974 ||||||||||||||000 | spa||
040 _cAR-BaBNM
100 1 _aHaden, Herbert I. von
245 1 0 _aInnovaciones en educación
_bpros y contras
250 _a1ª ed.
260 _aBuenos Aires
_bPaidós
_bCentro Regional de Ayuda Técnica. Agencia para el Desarrollo Internacional
_c1974
300 0 _a222 p.
500 1 _aEsta publicación ha sido preparada conjuntamente por la editorial y el Centro Regional de Ayuda Técnica, Agencia para el Desarrollo Internacional AID, Departamento de Estado del Gobierno de los Estados Unidos de América. El Centro es una organización dedi
504 _aBibliografía: p. 221-222
600 1 4 _aMontessori, María
650 4 _aMETODOS DE ENSENANZA
650 4 _aENSENANZA PROGRAMADA
650 4 _aENSENANZA INDIVIDUALIZADA
650 4 _aDESARROLLO DE LA CREATIVIDAD
650 4 _aEDUCACION SEXUAL
650 4 _aRELACION ESCUELA-COMUNIDAD
650 4 _aPERFECCIONAMIENTO DEL DOCENTE
651 4 _aEstados Unidos
653 0 _aINNOVACIONES EDUCATIVAS
653 0 _aEDUCACION INICIAL
700 1 _aKing, Jean Marie
700 1 _aBertorini, Alejandra
_etraductor
942 _cBK
998 _cSILVI
999 _c5322
_d5322